Schnelle Mathematik - Multiplikation zur Basis 12 Level 03 - Statistiken

Allgemein
  • Dieses Quiz wurde 52 mal gespielt
  • Das Durchschnittsergebnis liegt bei 13 aus 20
Antwortstatistiken
Frage Antwort % Korrekt
5⋅1 5
100%
3⋅2 6
100%
1⋅2 2
91%
0⋅1 0
89%
3⋅1 3
89%
2⋅2 4
89%
4⋅1 4
89%
2⋅4 8
88%
3⋅3 9
88%
2⋅0 0
82%
5⋅0 0
80%
1⋅0 0
78%
1⋅4 4
78%
4⋅2 8
78%
0⋅4 0
75%
0⋅5 0
75%
1⋅3 3
75%
0⋅0 0
71%
1⋅5 5
71%
0⋅2 0
70%
2⋅3 6
70%
0⋅3 0
67%
4⋅0 0
67%
1⋅1 1
67%
3⋅0 0
57%
2⋅1 2
57%
4⋅4 14
50%
4⋅3 10
40%
3⋅4 10
38%
5⋅3 13
29%
5⋅5 21
29%
4⋅5 18
25%
5⋅4 18
20%
3⋅5 13
18%
5⋅2 A
11%
2⋅5 A
10%
Keine übereinstimmenden Quizze gefunden
Verteilung der Resultate
Anzahl Personen mit jedem Resultat
Perzentil nach korrekt beantworteten Fragen
Ihre Resultats-Entwicklung
Sie haben dieses Quiz noch nicht gespielt